Sports Quiz

Random Sports or City Quiz

Cities with Only One Big 4 Team Quiz Stats

 Plays Quiz Updated Nov 30, 2018

Challenge
Share
Tweet
Embed
Score 0/20 Timer 04:00
3 Plays Today
League City % Correct
NBAOklahoma City
76.5%
NHLVancouver
72.8%
NBAPortland
72.6%
NHLMontreal
70.2%
NBASan Antonio
69%
NFLJacksonville
68.5%
NFLGreen Bay
68.2%
NBASacramento
67.5%
NHLCalgary
65.8%
NHLColumbus
64%
League City % Correct
NBAMemphis
62.1%
NHLEdmonton
61.4%
NBASalt Lake City
61.4%
NHLOttawa
58.4%
NHLLas Vegas
56.9%
NHLSan Jose
55.2%
NHLWinnipeg
54.8%
NBAOrlando
53.2%
MLBSan Diego
53.1%
NHLRaleigh
36.9%

You're not logged in!

Compare scores with friends on all Sporcle quizzes.
OR
Log In

You Might Also Like...

Show Comments

Extras

Top Quizzes Today


Score Distribution

Your Account Isn't Verified!

In order to create a playlist on Sporcle, you need to verify the email address you used during registration. Go to your Sporcle Settings to finish the process.

Report this User

Report this user for behavior that violates our Community Guidelines.

Details: